000 00476nam a2200133Ia 4500
008 100328s9999 xx 000 0 und d
082 _b35456
100 _aराणे अमर
245 _aपंचतारांकित रेसिपीजे
260 _bपुर्णिमा अ. राणे
630 _aपंचतारांकित रेसिपीजे
730 _aपंचतारांकित रेसिपीजे
942 _cBOOK
999 _c525359
_d525356